[Event "U12-U20 French Championships"]
[Site "chess24.com"]
[Date "2019.04.15"]
[Round "2"]
[White "Dreyfus, Jacques"]
[Black "Travadon, Loic"]
[Result "0-1"]
[Board "11"]
[WhiteElo "1888"]
[WhiteCountry "FRA"]
[WhiteFideId "36079871"]
[WhiteEloChange "-2"]
[BlackTitle "FM"]
[BlackElo "2456"]
[BlackCountry "FRA"]
[BlackFideId "26092131"]
[BlackEloChange "1"]

1. e4 {[%clk 1:30:57]} c6 {[%clk 1:30:58]} 2. d4 {[%clk 1:31:09]} d5 {[%clk
1:31:24]} 3. Nc3 {[%clk 1:31:26]} dxe4 {[%clk 1:31:50]} 4. Nxe4 {[%clk 1:31:47]}
Bf5 {[%clk 1:32:17]} 5. Nc5 {[%clk 1:29:47]} e5 {[%clk 1:32:24]} 6. Nxb7 {[%clk
1:28:23]} Qb6 {[%clk 1:32:43]} 7. Nc5 {[%clk 1:23:51]} exd4 {[%clk 1:33:00]} 8.
Nb3 {[%clk 1:20:27]} Bb4+ {[%clk 1:29:31]} 9. Bd2 {[%clk 1:17:35]} Nf6 {[%clk
1:19:55]} 10. Qe2+ {[%clk 0:52:12]} Kf8 {[%clk 1:18:48]} 11. Bxb4+ {[%clk
0:41:53]} Qxb4+ {[%clk 1:19:17]} 12. Qd2 {[%clk 0:42:10]} Qe7+ {[%clk 1:19:27]}
13. Qe2 {[%clk 0:35:19]} Qd6 {[%clk 1:18:26]} 14. Qc4 {[%clk 0:30:08]} Nbd7
{[%clk 1:17:33]} 15. Nxd4 {[%clk 0:24:35]} Re8+ {[%clk 1:17:58]} 16. Be2 {[%clk
0:23:40]} Be4 {[%clk 1:18:07]} 17. O-O-O {[%clk 0:08:10]} Bd5 {[%clk 1:17:19]}
18. Qd3 {[%clk 0:03:34]} Ne5 {[%clk 1:17:18]} 19. Qg3 {[%clk 0:03:05]} Ne4 {[%clk
1:16:28]} 20. Nf5 {[%clk 0:02:20]} Nxg3 {[%clk 1:16:31]} 21. Nxd6 {[%clk
0:02:45]} Nxh1 {[%clk 1:16:43]} 22. Nxe8 {[%clk 0:03:12]} Kxe8 {[%clk 1:16:49]}
23. f3 {[%clk 0:03:26]} g5 {[%clk 1:14:32]} 24. Nh3 {[%clk 0:01:48]} g4 {[%clk
1:14:47]} 25. Nf4 {[%clk 0:01:33]} gxf3 {[%clk 1:15:03]} 26. gxf3 {[%clk
0:00:45]} Bxf3 {[%clk 1:14:57]} 27. Bxf3 {[%clk 0:01:08]} Nxf3 {[%clk 1:15:20]}
28. Rxh1 {[%clk 0:01:34]} Rg8 {[%clk 1:15:15]} 29. h3 {[%clk 0:01:23]} Rg3 {[%clk
1:15:00]} 30. Kd1 {[%clk 0:00:46]} Ng5 {[%clk 1:14:32]} 31. Ke2 {[%clk 0:00:45]}
f5 {[%clk 1:14:34]} 32. h4 {[%clk 0:00:41]} Ne4 {[%clk 1:14:50]} 33. Rh2 {[%clk
0:00:43]} Rg4 {[%clk 1:14:51]} 34. Nd3 {[%clk 0:00:58]} Rg1 {[%clk 1:12:31]} 35.
Nf2 {[%clk 0:00:47]} Ng3+ {[%clk 1:12:09]} 36. Kd3 {[%clk 0:00:48]} Ke7 {[%clk
1:11:42]} 37. Nh3 {[%clk 0:00:33]} Rf1 {[%clk 1:11:36]} 38. Rg2 {[%clk 0:00:43]}
Rf3+ {[%clk 1:10:41]} 39. Kc4 {[%clk 0:01:09]} Nf1 {[%clk 1:10:31]} 40. Rg7+
{[%clk 0:00:48]} Kf6 {[%clk 1:10:50]} 41. Rf7+ {[%clk 0:01:52]} Kg6 {[%clk
1:08:25]} 42. h5+ {[%clk 0:01:20]} Kxh5 {[%clk 1:07:57]} 43. Rxh7+ {[%clk
0:01:45]} Kg6 {[%clk 1:08:16]} 44. Rh8 {[%clk 0:01:15]} Ne3+ {[%clk 1:07:18]} 45.
Kd3 {[%clk 0:01:34]} Nd5+ {[%clk 1:07:36]} 46. Ke2 {[%clk 0:01:56]} Rxh3 {[%clk
1:08:01]} 47. Rc8 {[%clk 0:01:55]} Rh2+ {[%clk 1:08:16]} 48. Kd3 {[%clk 0:02:12]}
Kg5 {[%clk 1:08:26]} 49. c4 {[%clk 0:02:33]} Nb4+ {[%clk 1:08:35]} 50. Kc3 {[%clk
0:02:57]} Nxa2+ {[%clk 1:08:49]} 51. Kb3 {[%clk 0:03:00]} Nc1+ {[%clk 1:09:15]}
52. Kc3 {[%clk 0:03:27]} Ne2+ {[%clk 1:09:37]} 53. Kd3 {[%clk 0:02:38]} Nf4+
{[%clk 1:10:00]} 54. Kd4 {[%clk 0:02:02]} Rxb2 {[%clk 1:10:18]} 55. Rxc6 {[%clk
0:02:06]} Rd2+ {[%clk 1:10:36]} 56. Kc3 {[%clk 0:02:08]} Rd3+ {[%clk 1:10:58]}
57. Kb4 {[%clk 0:02:30]} Nd5+ {[%clk 1:10:38]} 58. cxd5 {[%clk 0:00:53]} Rxd5
{[%clk 1:11:02]} 59. Rc7 {[%clk 0:00:37]} f4 {[%clk 1:10:57]} 60. Rxa7 {[%clk
0:00:43]} f3 {[%clk 1:11:11]} 61. Kc4 {[%clk 0:00:40]} Rf5 {[%clk 1:11:32]} 62.
Rg7+ {[%clk 0:00:41]} Kf4 {[%clk 1:11:48]} 63. Ra7 {[%clk 0:00:37]} f2 {[%clk
1:12:11]} 0-1

[Event "U12-U20 French Championships"]
[Site "chess24.com"]
[Date "2019.04.15"]
[Round "2"]
[White "Lucas, Arthur"]
[Black "Navrotescu, Vlad-Andrei"]
[Result "0-1"]
[Board "12"]
[WhiteTitle "FM"]
[WhiteElo "2301"]
[WhiteCountry "FRA"]
[WhiteFideId "26093073"]
[WhiteEloChange "-18"]
[BlackElo "1892"]
[BlackCountry "FRA"]
[BlackFideId "20654626"]
[BlackEloChange "18"]

1. e4 {[%clk 1:30:57]} e6 {[%clk 1:30:53]} 2. d4 {[%clk 1:31:13]} d5 {[%clk
1:31:15]} 3. Bd3 {[%clk 1:31:17]} c5 {[%clk 1:31:24]} 4. exd5 {[%clk 1:31:40]}
exd5 {[%clk 1:30:18]} 5. Nf3 {[%clk 1:31:50]} Nf6 {[%clk 1:29:47]} 6. O-O {[%clk
1:28:37]} c4 {[%clk 1:28:48]} 7. Be2 {[%clk 1:23:12]} Bd6 {[%clk 1:23:51]} 8. b3
{[%clk 1:22:15]} Qc7 {[%clk 1:20:46]} 9. bxc4 {[%clk 1:13:23]} dxc4 {[%clk
1:20:49]} 10. Na3 {[%clk 1:13:49]} Be6 {[%clk 0:59:07]} 11. Nb5 {[%clk 1:13:39]}
Qc6 {[%clk 0:59:09]} 12. Nxd6+ {[%clk 1:03:00]} Qxd6 {[%clk 0:59:32]} 13. a4
{[%clk 0:59:00]} Qc7 {[%clk 0:58:30]} 14. Ba3 {[%clk 0:57:00]} Nc6 {[%clk
0:52:25]} 15. Ng5 {[%clk 0:51:25]} Bd5 {[%clk 0:52:32]} 16. c3 {[%clk 0:37:17]}
O-O-O {[%clk 0:49:24]} 17. Bf3 {[%clk 0:31:59]} h6 {[%clk 0:42:55]} 18. Bxd5
{[%clk 0:29:13]} hxg5 {[%clk 0:43:13]} 19. h3 {[%clk 0:26:35]} Rxd5 {[%clk
0:43:30]} 20. Qe2 {[%clk 0:25:27]} g4 {[%clk 0:43:40]} 21. Qxc4 {[%clk 0:25:35]}
gxh3 {[%clk 0:44:02]} 22. g3 {[%clk 0:26:02]} Rg5 {[%clk 0:42:34]} 23. Qd3 {[%clk
0:26:00]} Nh5 {[%clk 0:37:40]} 24. Kh2 {[%clk 0:25:21]} f5 {[%clk 0:37:30]} 25.
Bc1 {[%clk 0:19:39]} f4 {[%clk 0:33:37]} 26. Rg1 {[%clk 0:19:34]} fxg3+ {[%clk
0:32:33]} 27. fxg3 {[%clk 0:19:56]} Rxg3 {[%clk 0:32:34]} 28. Qf5+ {[%clk
0:17:40]} Kb8 {[%clk 0:29:49]} 29. Bf4 {[%clk 0:17:31]} Nxf4 {[%clk 0:30:11]} 30.
Kxg3 {[%clk 0:16:50]} Ne2+ {[%clk 0:30:06]} 31. Kf2 {[%clk 0:17:02]} Nxg1 {[%clk
0:30:23]} 32. Rxg1 {[%clk 0:17:22]} Qh2+ {[%clk 0:29:04]} 33. Kf1 {[%clk
0:17:49]} Re8 {[%clk 0:29:09]} 34. Qf3 {[%clk 0:17:59]} Qd2 {[%clk 0:28:51]} 0-1

[Event "U12-U20 French Championships"]
[Site "chess24.com"]
[Date "2019.04.15"]
[Round "2"]
[White "Brault, Gabriel"]
[Black "Gao, Etienne"]
[Result "0-1"]
[Board "13"]
[WhiteElo "1884"]
[WhiteCountry "FRA"]
[WhiteFideId "26052954"]
[WhiteEloChange "-2"]
[BlackTitle "FM"]
[BlackElo "2286"]
[BlackCountry "FRA"]
[BlackFideId "20688059"]
[BlackEloChange "2"]

1. e4 {[%clk 1:30:56]} c5 {[%clk 1:30:41]} 2. Be2 {[%clk 1:31:11]} Nc6 {[%clk
1:29:13]} 3. f4 {[%clk 1:30:49]} e6 {[%clk 1:28:40]} 4. Nf3 {[%clk 1:30:54]} d5
{[%clk 1:27:34]} 5. d3 {[%clk 0:11:35]} Nge7 {[%clk 0:04:56]} 6. O-O {[%clk
0:05:37]} g6 {[%clk 0:05:08]} 7. c3 {[%clk 1:21:50]} Bg7 {[%clk 1:09:41]} 8. e5
{[%clk 1:15:43]} O-O {[%clk 1:05:39]} 9. d4 {[%clk 1:10:50]} cxd4 {[%clk
0:58:45]} 10. cxd4 {[%clk 1:10:15]} a6 {[%clk 0:56:07]} 11. Nc3 {[%clk 1:00:09]}
b5 {[%clk 0:54:26]} 12. Rb1 {[%clk 0:49:37]} Na5 {[%clk 0:52:07]} 13. b3 {[%clk
0:48:12]} Rb8 {[%clk 0:49:52]} 14. Ne1 {[%clk 0:47:19]} Qc7 {[%clk 0:42:04]} 15.
Bb2 {[%clk 0:41:21]} Qa7 {[%clk 0:38:44]} 16. g4 {[%clk 0:35:02]} f6 {[%clk
0:36:30]} 17. Kg2 {[%clk 0:35:07]} Bd7 {[%clk 0:34:35]} 18. a3 {[%clk 0:23:26]}
fxe5 {[%clk 0:34:11]} 19. fxe5 {[%clk 0:22:57]} Rxf1 {[%clk 0:26:10]} 20. Bxf1
{[%clk 0:22:53]} Rf8 {[%clk 0:22:35]} 21. Nf3 {[%clk 0:21:56]} Nec6 {[%clk
0:19:11]} 22. Ne2 {[%clk 0:19:18]} Be8 {[%clk 0:19:10]} 23. h4 {[%clk 0:18:08]}
Qe7 {[%clk 0:15:34]} 24. Qd3 {[%clk 0:16:13]} Nd8 {[%clk 0:14:20]} 25. Bc3 {[%clk
0:14:24]} Ndc6 {[%clk 0:11:55]} 26. Bb2 {[%clk 0:13:18]} b4 {[%clk 0:11:32]} 27.
a4 {[%clk 0:13:39]} Qf7 {[%clk 0:10:06]} 28. Kg3 {[%clk 0:09:54]} Nxb3 {[%clk
0:05:37]} 29. Qxb3 {[%clk 0:08:28]} Na5 {[%clk 0:06:04]} 30. Qd3 {[%clk 0:08:37]}
Bxa4 {[%clk 0:06:27]} 31. Bg2 {[%clk 0:08:36]} Bb5 {[%clk 0:06:43]} 32. Qd2
{[%clk 0:06:43]} Nc4 {[%clk 0:05:06]} 33. Qxb4 {[%clk 0:06:30]} Ne3 {[%clk
0:05:25]} 34. Qc3 {[%clk 0:04:53]} Nxg2 {[%clk 0:05:38]} 35. Neg1 {[%clk
0:04:46]} Nf4 {[%clk 0:05:14]} 36. Ba3 {[%clk 0:05:10]} g5 {[%clk 0:01:00]} 37.
Bxf8 {[%clk 0:04:28]} gxh4+ {[%clk 0:01:25]} 38. Nxh4 {[%clk 0:04:12]} Bxf8
{[%clk 0:01:50]} 39. Qf3 {[%clk 0:01:49]} Bh6 {[%clk 0:02:07]} 40. Rd1 {[%clk
0:00:53]} Qc7 {[%clk 0:00:41]} 0-1

[Event "U12-U20 French Championships"]
[Site "chess24.com"]
[Date "2019.04.15"]
[Round "2"]
[White "Mazzella, Enzo"]
[Black "Espinoux, Jules"]
[Result "1/2-1/2"]
[Board "14"]
[WhiteTitle "FM"]
[WhiteElo "2249"]
[WhiteCountry "FRA"]
[WhiteFideId "36019968"]
[WhiteEloChange "-8"]
[BlackElo "1885"]
[BlackCountry "FRA"]
[BlackFideId "36017850"]
[BlackEloChange "8"]

1. e4 {[%clk 1:30:57]} c5 {[%clk 1:30:55]} 2. Nc3 {[%clk 1:31:21]} g6 {[%clk
1:30:49]} 3. d4 {[%clk 1:31:45]} cxd4 {[%clk 1:31:12]} 4. Qxd4 {[%clk 1:32:08]}
Nf6 {[%clk 1:31:16]} 5. Nf3 {[%clk 1:32:24]} Nc6 {[%clk 1:30:42]} 6. Qa4 {[%clk
1:32:47]} d6 {[%clk 1:24:27]} 7. e5 {[%clk 1:32:56]} dxe5 {[%clk 1:19:41]} 8.
Nxe5 {[%clk 1:33:15]} Bd7 {[%clk 1:08:57]} 9. Nxd7 {[%clk 1:33:30]} Qxd7 {[%clk
1:08:17]} 10. Be3 {[%clk 1:33:48]} Bg7 {[%clk 1:04:56]} 11. Rd1 {[%clk 1:33:49]}
Qf5 {[%clk 0:57:45]} 12. Ba6 {[%clk 1:19:37]} Qc8 {[%clk 0:50:31]} 13. Bb5 {[%clk
1:20:01]} O-O {[%clk 0:49:07]} 14. Bxc6 {[%clk 1:20:28]} bxc6 {[%clk 0:49:23]}
15. O-O {[%clk 1:16:38]} Nd7 {[%clk 0:41:47]} 16. Qa3 {[%clk 0:58:08]} Ne5 {[%clk
0:32:08]} 17. Qxe7 {[%clk 0:49:36]} Re8 {[%clk 0:30:20]} 18. Qh4 {[%clk 0:48:15]}
Rb8 {[%clk 0:25:58]} 19. Ne4 {[%clk 0:40:02]} Qg4 {[%clk 0:21:01]} 20. Nf6+
{[%clk 0:35:17]} Bxf6 {[%clk 0:21:13]} 21. Qxf6 {[%clk 0:35:44]} Qh5 {[%clk
0:14:40]} 22. Rd4 {[%clk 0:13:37]} Re6 {[%clk 0:07:22]} 23. Rd8+ {[%clk 0:12:49]}
Rxd8 {[%clk 0:07:46]} 24. Qxd8+ {[%clk 0:13:17]} Kg7 {[%clk 0:08:04]} 25. h3
{[%clk 0:10:22]} Qe2 {[%clk 0:06:03]} 26. Bc5 {[%clk 0:05:58]} Re8 {[%clk
0:05:39]} 27. Qd4 {[%clk 0:05:21]} Kg8 {[%clk 0:04:48]} 28. Qc3 {[%clk 0:00:35]}
Nc4 {[%clk 0:02:45]} 29. Bb4 {[%clk 0:00:33]} c5 {[%clk 0:01:59]} 30. Ba5 {[%clk
0:00:32]} Nxa5 {[%clk 0:01:49]} 31. Qxa5 {[%clk 0:00:58]} Qxc2 {[%clk 0:02:10]}
32. b3 {[%clk 0:00:33]} Re2 {[%clk 0:01:56]} 33. Qxa7 {[%clk 0:00:31]} Qxa2
{[%clk 0:02:17]} 34. Qxc5 {[%clk 0:00:37]} Qxb3 {[%clk 0:02:28]} 35. Ra1 {[%clk
0:00:40]} Re8 {[%clk 0:02:20]} 36. Rc1 {[%clk 0:00:33]} Qe6 {[%clk 0:02:23]} 37.
h4 {[%clk 0:00:39]} h5 {[%clk 0:01:53]} 38. Qg5 {[%clk 0:00:36]} Qe7 {[%clk
0:01:28]} 39. Qxe7 {[%clk 0:00:34]} Rxe7 {[%clk 0:01:58]} 40. g3 {[%clk 0:00:44]}
1/2-1/2

[Event "U12-U20 French Championships"]
[Site "chess24.com"]
[Date "2019.04.15"]
[Round "2"]
[White "Andre, Victoria"]
[Black "Rollot, Florence"]
[Result "0-1"]
[Board "15"]
[WhiteElo "1691"]
[WhiteCountry "FRA"]
[WhiteFideId "36020966"]
[WhiteEloChange "-3"]
[BlackElo "1975"]
[BlackCountry "FRA"]
[BlackFideId "26016060"]
[BlackEloChange "3"]

1. e4 {[%clk 1:30:54]} d5 {[%clk 1:30:53]} 2. exd5 {[%clk 1:31:16]} Qxd5 {[%clk
1:31:15]} 3. Nc3 {[%clk 1:31:40]} Qa5 {[%clk 1:31:41]} 4. b4 {[%clk 1:30:57]}
Qxb4 {[%clk 1:31:54]} 5. Rb1 {[%clk 1:31:16]} Qd6 {[%clk 1:31:59]} 6. Nf3 {[%clk
1:31:37]} Nf6 {[%clk 1:31:02]} 7. d4 {[%clk 1:31:48]} e6 {[%clk 1:29:25]} 8. Bd3
{[%clk 1:31:19]} Be7 {[%clk 1:28:11]} 9. Ne4 {[%clk 1:25:30]} Nxe4 {[%clk
1:20:31]} 10. Bxe4 {[%clk 1:25:55]} c6 {[%clk 1:19:58]} 11. O-O {[%clk 1:17:11]}
Nd7 {[%clk 1:17:34]} 12. Rb3 {[%clk 1:10:47]} Qc7 {[%clk 1:13:21]} 13. Bb2 {[%clk
0:48:39]} Nf6 {[%clk 1:09:40]} 14. Bd3 {[%clk 0:46:06]} O-O {[%clk 1:06:39]} 15.
Ne5 {[%clk 0:38:44]} Rd8 {[%clk 0:54:26]} 16. f4 {[%clk 0:24:51]} b6 {[%clk
0:48:20]} 17. Qe2 {[%clk 0:18:57]} Bd6 {[%clk 0:40:52]} 18. c3 {[%clk 0:14:52]}
c5 {[%clk 0:36:29]} 19. Ba1 {[%clk 0:06:41]} Bb7 {[%clk 0:34:21]} 20. Rbb1 {[%clk
0:06:09]} Rac8 {[%clk 0:29:46]} 21. Bb2 {[%clk 0:04:11]} Bd5 {[%clk 0:27:52]} 22.
Bc1 {[%clk 0:02:13]} c4 {[%clk 0:27:11]} 23. Bc2 {[%clk 0:02:32]} Qb7 {[%clk
0:26:44]} 24. f5 {[%clk 0:02:31]} Ne4 {[%clk 0:21:36]} 25. Bxe4 {[%clk 0:01:14]}
Bxe4 {[%clk 0:21:57]} 26. Rb2 {[%clk 0:01:33]} Bxe5 {[%clk 0:17:49]} 27. Re1
{[%clk 0:00:59]} Bxd4+ {[%clk 0:16:45]} 28. cxd4 {[%clk 0:01:27]} Bxf5 {[%clk
0:16:39]} 29. Be3 {[%clk 0:01:24]} c3 {[%clk 0:16:14]} 30. Rb4 {[%clk 0:01:33]}
c2 {[%clk 0:16:12]} 31. Rc1 {[%clk 0:00:59]} Qe4 {[%clk 0:15:17]} 32. Qd2 {[%clk
0:00:51]} Qd5 {[%clk 0:11:38]} 33. a3 {[%clk 0:00:50]} Qc6 {[%clk 0:10:45]} 34.
Rb3 {[%clk 0:00:43]} e5 {[%clk 0:10:28]} 35. Rb4 {[%clk 0:00:42]} a5 {[%clk
0:10:25]} 36. Rb2 {[%clk 0:00:38]} exd4 {[%clk 0:10:39]} 37. Bf2 {[%clk 0:01:00]}
Be4 {[%clk 0:09:01]} 38. Bg3 {[%clk 0:00:56]} d3 {[%clk 0:09:07]} 39. Bf4 {[%clk
0:01:10]} Bg6 {[%clk 0:08:43]} 40. Be3 {[%clk 0:01:31]} Qc3 {[%clk 0:07:58]} 41.
Qxc3 {[%clk 0:01:32]} Rxc3 {[%clk 0:08:24]} 42. Rxb6 {[%clk 0:01:44]} Rxa3 {[%clk
0:08:16]} 43. Bd2 {[%clk 0:01:51]} Re8 {[%clk 0:07:55]} 44. Kf1 {[%clk 0:01:44]}
h6 {[%clk 0:08:10]} 45. Rd6 {[%clk 0:00:59]} a4 {[%clk 0:08:15]} 46. Rd4 {[%clk
0:00:43]} Rb8 {[%clk 0:01:09]} 47. Rb4 {[%clk 0:01:01]} Rxb4 {[%clk 0:07:44]} 48.
Bxb4 {[%clk 0:01:30]} Rb3 {[%clk 0:08:03]} 49. Bd2 {[%clk 0:01:22]} Rb1 {[%clk
0:08:18]} 0-1

[Event "U12-U20 French Championships"]
[Site "chess24.com"]
[Date "2019.04.15"]
[Round "2"]
[White "Lomandong, Noela-Joyce"]
[Black "Hebert, Floriane"]
[Result "1-0"]
[Board "16"]
[WhiteTitle "WFM"]
[WhiteElo "1942"]
[WhiteCountry "MNC"]
[WhiteFideId "5400384"]
[WhiteEloChange "4"]
[BlackElo "1694"]
[BlackCountry "FRA"]
[BlackFideId "20690800"]
[BlackEloChange "-4"]

1. b3 {[%clk 1:30:49]} d5 {[%clk 1:29:37]} 2. Bb2 {[%clk 1:31:12]} Nc6 {[%clk
1:29:46]} 3. e3 {[%clk 1:31:31]} Nf6 {[%clk 1:29:21]} 4. d4 {[%clk 1:28:17]} Bf5
{[%clk 1:27:26]} 5. a3 {[%clk 1:27:35]} a6 {[%clk 1:26:25]} 6. Nd2 {[%clk
1:25:23]} e6 {[%clk 1:24:44]} 7. Ngf3 {[%clk 1:24:40]} h6 {[%clk 1:23:28]} 8. Be2
{[%clk 1:24:39]} Bd6 {[%clk 1:19:46]} 9. b4 {[%clk 1:17:02]} b5 {[%clk 1:17:46]}
10. Ne5 {[%clk 1:13:09]} Bxe5 {[%clk 1:11:57]} 11. dxe5 {[%clk 1:13:32]} Nd7
{[%clk 1:10:53]} 12. f4 {[%clk 1:12:03]} Nb6 {[%clk 1:09:19]} 13. Nb3 {[%clk
1:07:13]} Na4 {[%clk 1:05:29]} 14. Rb1 {[%clk 1:05:32]} Nxb2 {[%clk 1:03:37]} 15.
Rxb2 {[%clk 1:06:01]} Qe7 {[%clk 1:01:09]} 16. Bd3 {[%clk 0:59:16]} Bxd3 {[%clk
0:56:47]} 17. cxd3 {[%clk 0:58:15]} O-O {[%clk 0:55:40]} 18. Qc1 {[%clk 0:56:34]}
Nb8 {[%clk 0:50:18]} 19. Rc2 {[%clk 0:56:01]} Rc8 {[%clk 0:45:45]} 20. Na5 {[%clk
0:54:32]} Ra7 {[%clk 0:42:46]} 21. O-O {[%clk 0:51:51]} Qe8 {[%clk 0:38:00]} 22.
Rf3 {[%clk 0:47:09]} c6 {[%clk 0:34:39]} 23. Rg3 {[%clk 0:46:45]} Kh8 {[%clk
0:31:51]} 24. Rh3 {[%clk 0:45:29]} Rac7 {[%clk 0:28:29]} 25. g4 {[%clk 0:32:34]}
Qf8 {[%clk 0:25:32]} 26. d4 {[%clk 0:32:12]} f6 {[%clk 0:23:51]} 27. Nb3 {[%clk
0:20:42]} Nd7 {[%clk 0:17:23]} 28. Rg2 {[%clk 0:14:58]} Kh7 {[%clk 0:11:52]} 29.
Qc2+ {[%clk 0:13:44]} f5 {[%clk 0:11:48]} 30. gxf5 {[%clk 0:13:58]} Qxf5 {[%clk
0:11:35]} 31. Qxf5+ {[%clk 0:14:23]} exf5 {[%clk 0:11:54]} 32. Rhg3 {[%clk
0:14:22]} Nf8 {[%clk 0:11:37]} 33. Nc5 {[%clk 0:09:31]} Ra8 {[%clk 0:11:41]} 34.
a4 {[%clk 0:06:26]} Raa7 {[%clk 0:09:31]} 35. a5 {[%clk 0:04:34]} Re7 {[%clk
0:08:59]} 36. h3 {[%clk 0:02:41]} Re8 {[%clk 0:03:27]} 37. Kh2 {[%clk 0:02:51]}
Ree7 {[%clk 0:03:21]} 38. Rg1 {[%clk 0:03:14]} Kh8 {[%clk 0:03:02]} 39. R3g2
{[%clk 0:03:31]} Kh7 {[%clk 0:02:51]} 40. Rc1 {[%clk 0:02:57]} Rec7 {[%clk
0:01:25]} 41. Kg3 {[%clk 0:01:04]} Ra8 {[%clk 0:00:54]} 42. Kf3 {[%clk 0:01:33]}
Kg8 {[%clk 0:00:57]} 43. Rcg1 {[%clk 0:01:35]} Kh7 {[%clk 0:01:06]} 44. Nd3
{[%clk 0:00:52]} Re8 {[%clk 0:00:45]} 45. Rc1 {[%clk 0:00:54]} Ra8 {[%clk
0:00:40]} 46. Rgc2 {[%clk 0:00:45]} Rac8 {[%clk 0:01:01]} 47. Nc5 {[%clk
0:01:07]} Ra8 {[%clk 0:00:47]} 48. Rc3 {[%clk 0:00:51]} Kg8 {[%clk 0:01:01]} 49.
R1c2 {[%clk 0:00:54]} Kf7 {[%clk 0:00:58]} 50. Rg2 {[%clk 0:00:42]} Kg8 {[%clk
0:00:45]} 51. Rc1 {[%clk 0:00:43]} Kh7 {[%clk 0:00:42]} 52. h4 {[%clk 0:00:55]}
Kg8 {[%clk 0:01:02]} 53. h5 {[%clk 0:01:22]} Kh7 {[%clk 0:01:23]} 54. Nd3 {[%clk
0:01:07]} Rac8 {[%clk 0:01:13]} 55. Ne1 {[%clk 0:00:40]} Re8 {[%clk 0:01:25]} 56.
Rgc2 {[%clk 0:00:48]} Rec8 {[%clk 0:01:04]} 57. Ng2 {[%clk 0:01:11]} g6 {[%clk
0:01:10]} 58. Nh4 {[%clk 0:01:22]} gxh5 {[%clk 0:00:45]} 59. Nxf5 {[%clk
0:01:43]} Kg6 {[%clk 0:00:43]} 60. Nd6 {[%clk 0:02:05]} Ra8 {[%clk 0:00:37]} 61.
f5+ {[%clk 0:02:23]} Kg7 {[%clk 0:00:43]} 62. Rxc6 {[%clk 0:02:40]} 1-0

[Event "U12-U20 French Championships"]
[Site "chess24.com"]
[Date "2019.04.15"]
[Round "2"]
[White "Bourdeaux, Angele"]
[Black "Bellahcene, Meriem"]
[Result "1/2-1/2"]
[Board "17"]
[WhiteElo "1643"]
[WhiteCountry "FRA"]
[WhiteFideId "26088746"]
[WhiteEloChange "6"]
[BlackElo "1883"]
[BlackCountry "FRA"]
[BlackFideId "20655347"]
[BlackEloChange "-6"]

1. e4 {[%clk 1:30:57]} c5 {[%clk 1:30:57]} 2. Nf3 {[%clk 1:31:21]} a6 {[%clk
1:31:24]} 3. g3 {[%clk 1:31:38]} d6 {[%clk 1:31:35]} 4. d3 {[%clk 1:31:59]} Nf6
{[%clk 1:31:51]} 5. Bg2 {[%clk 1:32:22]} g6 {[%clk 1:32:04]} 6. O-O {[%clk
1:32:17]} Bg7 {[%clk 1:32:32]} 7. c3 {[%clk 1:32:21]} O-O {[%clk 1:32:48]} 8.
Nbd2 {[%clk 1:32:25]} Nc6 {[%clk 1:33:11]} 9. Re1 {[%clk 1:31:52]} Qc7 {[%clk
1:32:50]} 10. a4 {[%clk 1:29:18]} Bg4 {[%clk 1:31:20]} 11. Nc4 {[%clk 1:22:47]}
b5 {[%clk 1:30:12]} 12. Ne3 {[%clk 1:20:16]} Bd7 {[%clk 1:28:34]} 13. Nd5 {[%clk
1:03:24]} Qb7 {[%clk 1:20:39]} 14. axb5 {[%clk 0:54:08]} axb5 {[%clk 1:20:56]}
15. Bg5 {[%clk 0:52:38]} Be6 {[%clk 1:10:15]} 16. Nf4 {[%clk 0:44:08]} Bg4 {[%clk
1:04:25]} 17. h3 {[%clk 0:40:11]} Bxf3 {[%clk 0:59:34]} 18. Qxf3 {[%clk 0:39:05]}
Rxa1 {[%clk 0:51:01]} 19. Rxa1 {[%clk 0:39:04]} Nd7 {[%clk 0:50:37]} 20. Nd5
{[%clk 0:29:13]} Nde5 {[%clk 0:46:52]} 21. Qe2 {[%clk 0:26:45]} f6 {[%clk
0:43:04]} 22. Bd2 {[%clk 0:23:24]} Ra8 {[%clk 0:41:45]} 23. Rb1 {[%clk 0:19:14]}
Ra6 {[%clk 0:37:09]} 24. f4 {[%clk 0:14:17]} Nf7 {[%clk 0:34:43]} 25. Qf1 {[%clk
0:11:02]} e6 {[%clk 0:28:46]} 26. Ne3 {[%clk 0:10:30]} Qa7 {[%clk 0:23:32]} 27.
Nc2 {[%clk 0:08:39]} Ra2 {[%clk 0:18:39]} 28. Ra1 {[%clk 0:05:46]} Qa4 {[%clk
0:14:50]} 29. Rxa2 {[%clk 0:01:43]} Qxa2 {[%clk 0:15:15]} 30. Qc1 {[%clk
0:01:17]} Na5 {[%clk 0:14:37]} 31. Qa1 {[%clk 0:01:19]} Qxa1+ {[%clk 0:15:02]}
32. Nxa1 {[%clk 0:01:44]} f5 {[%clk 0:15:15]} 33. exf5 {[%clk 0:01:20]} exf5
{[%clk 0:15:36]} 34. Bd5 {[%clk 0:01:22]} Kf8 {[%clk 0:15:30]} 35. Nb3 {[%clk
0:01:20]} Nxb3 {[%clk 0:15:18]} 36. Bxb3 {[%clk 0:01:45]} Ke7 {[%clk 0:15:19]}
37. Kf2 {[%clk 0:02:02]} Nd8 {[%clk 0:15:35]} 38. Bd5 {[%clk 0:01:29]} Ne6 {[%clk
0:15:09]} 39. Be3 {[%clk 0:01:02]} Nc7 {[%clk 0:13:44]} 40. Bb3 {[%clk 0:00:46]}
Kf6 {[%clk 0:11:00]} 41. Ba2 {[%clk 0:00:56]} Bf8 {[%clk 0:08:19]} 42. b4 {[%clk
0:01:00]} Na6 {[%clk 0:08:26]} 43. bxc5 {[%clk 0:01:12]} dxc5 {[%clk 0:08:16]}
44. Ke2 {[%clk 0:01:03]} Bd6 {[%clk 0:06:47]} 45. Bd5 {[%clk 0:01:04]} h6 {[%clk
0:07:03]} 46. Bc1 {[%clk 0:01:02]} Nc7 {[%clk 0:06:35]} 47. Ba2 {[%clk 0:00:42]}
g5 {[%clk 0:06:02]} 48. Kf3 {[%clk 0:00:55]} Na8 {[%clk 0:04:48]} 49. Bb2 {[%clk
0:00:51]} Kg6 {[%clk 0:04:43]} 50. Ba3 {[%clk 0:00:46]} b4 {[%clk 0:02:24]} 51.
Bb2 {[%clk 0:00:57]} Nb6 {[%clk 0:02:28]} 52. cxb4 {[%clk 0:00:53]} cxb4 {[%clk
0:02:57]} 53. Bd4 {[%clk 0:01:06]} Na4 {[%clk 0:02:40]} 54. Bb3 {[%clk 0:01:10]}
Nc3 {[%clk 0:03:01]} 55. Bxc3 {[%clk 0:00:50]} bxc3 {[%clk 0:03:30]} 56. d4
{[%clk 0:00:47]} gxf4 {[%clk 0:03:06]} 57. gxf4 {[%clk 0:01:09]} Ba3 {[%clk
0:02:19]} 58. Bc2 {[%clk 0:01:26]} Kf6 {[%clk 0:01:52]} 59. d5 {[%clk 0:01:37]}
Bc5 {[%clk 0:01:13]} 60. Ke2 {[%clk 0:01:19]} 1/2-1/2